000
00320nam a2200121Ia 4500
008
220204s9999 xx 000 0 und d
082
_a
066
_b
THO
100
_a
Ceckler, William H
245
0
_a
Introduction to chemical engineering
260
_a
New York
_b
McGraw Hill
_c
1977
700
_a
Thompson, Edward V
942
_c
BK
999
_c
26904
_d
26904